1905 1582 1978 1275 1138 1302 1739 1784 1542 1896 1492 1020 1811 1737 1545 1912 1304 1119 1388 1692 1841 1691 1153 1762 1604 1798 1494 1673 1201 1931 1369 1195 1335 1956 1710 1250 1642 1130 1415 1491 1550 1116 1106 1348 1198 1053 1121 1241 1564 1180 1845 1824 1371 1281 1846 1807 1060 1439 1712 1475 1067 1478 1778 1646 1918 1614 1256 1248 1391 1415 1302 1632 1145 1531 1859 1768 1534 1114 1966 1653 1586 1646 1705 1471 1424 1331 1109 1090 1033 1112 1627 1818 1127 1472 1693 1977 1392 1122 1516 BCNSPRNW ULIB Ver.6.0+V

เปลี่ยนเป็นภาษาไทย

Change to English
 แสดงรายละเอียดบรรณานุกรม
  กลับหน้าหลัก

Brief Record : Get Marc (ISO 2709) : E-mail record : QR code < ปิดหน้าต่าง
LEADER : 00000nam 2200000uu 4500
001    13399114148
003     ULIB
008    120222s||||||||th 000 0 tha d
020    ^a9789742125790
050  4 ^aBF128^bต777จ
100 0  ^aเติมศักดิ์ คทวณิช
245 10 ^aจิตวิทยาทั่วไป =^bGeneral psychology /^cเติมศักดิ์ คทวณิช
246 31 ^aGeneral psychology
260    ^aกรุงเทพฯ :^bซีเอ็ดยูเคชั่น,^c2546
300    ^a331 หน้า :^bภาพประกอบ,^c25 ซม.
650  4 ^aจิตวิทยา
945    ^p170^l0^i031153
945    ^p170^l0^i031154
945    ^p170^l0^i031155
945    ^p170^l0^i031156
995    ^aทศพร
999 ^a ทศพร
รายการนี้ยังไม่มีแท็ก
คุณยังไม่ได้ล็อกอิน คุณสามารถมีกิจกรรมร่วมกับเว็บไซต์ได้ แต่ต้องล็อกอินก่อน ::
  ล็อกอิน

รายการสื่อสารสนเทศ

ลำดับที่ ประเภท เลขเรียก/บาร์โค้ด สถานที่ สถานะ
- ไม่พบข้อมูล -

รายการใกล้เคียง
    ผู้แต่ง [เติมศักดิ์ คทวณิช]

    หัวเรื่อง [จิตวิทยา]

BibComment


ยังไม่เคยถูกคอมเมนท์

คอมเมนท์ทรัพยากรรายการนี้
  คอมเมนท์: จิตวิทยาทั่วไป ..


 Copyright 2026. Bcnsprnw @Library